000 00659nam a2200229 a 4500
001 36203
003 BD-RjUL
005 20211209052441.0
008 140618s1940 ii 000 0 eng d
035 _a(BD-RjUL)36300
040 _aDLC
_cCIN
_dTJC
_dBD-RjUL
_beng
041 _aeng
082 _a320.954
_bBUR 1940
100 1 _aBuch, M. A.
_q(Maganlal Amritlal)
_9110174
245 1 0 _aRise and growth of Indian militant nationalism /
_cby M.A. Buch
250 _a1st ed.
260 _aBaroda :
_fAtamaram Printing Press,
_c1940.
300 _a[8], 206 p. ;
_c26 cm.
650 0 _aNationalism
_zIndia.
_9110176
942 _2ddc
_cBK
999 _c36203
_d36203